Elektronické ovládanie mechanických mikroposuvov

Gespeichert in:
Bibliographische Detailangaben
1. Verfasser: Danko, Martin (Verfasst von)
Weitere Verfasser: Šatka, Alexander (Betreuung Doktorarbeit)
Format: Manuskript Buch
Sprache:Slowakisch
Veröffentlicht: 2016
Schlagworte:
Online-Zugang:http://is.stuba.sk/zp/portal_zp.pl?podrobnosti=106930
Tags: Tag hinzufügen
Keine Tags, Fügen Sie das erste Tag hinzu!

MARC

LEADER 00000ntm a22000003a 4500
001 stuzp54662
003 SK-STU
005 20160719154622.1
007 ta
008 150427s2015----xo-----f-mn---000-0-slo-d
040 |a STU  |b slo 
041 0 |a slo 
044 |a xo 
100 1 |a Danko, Martin  |u 033000  |4 aut  |U FEI Fakulta elektrotechniky a informatiky  |T FEI Ústav elektroniky a fotoniky  |X 72624  |U E030  |Y 549  |7 72624 
242 0 1 |a Electronic controlling of the mechanical micro shifts  |y eng 
245 1 0 |a Elektronické ovládanie mechanických mikroposuvov 
260 |c 2016 
300 |a 36 s.,  |b CD-ROM 
650 4 |a mikroposuv  |2 slo 
650 4 |a LBIV  |2 slo 
650 4 |a LabVIEW  |2 slo 
650 4 |a micro-shifts  |2 eng 
650 4 |a LBIV  |2 eng 
650 4 |a LabVIEW  |2 eng 
700 1 |a Šatka, Alexander  |u 033000  |k Z1  |4 ths  |U FEI Fakulta elektrotechniky a informatiky  |T FEI Ústav elektroniky a fotoniky  |X 1865  |U E030  |Y 549  |7 A000001865 
856 4 |u http://is.stuba.sk/zp/portal_zp.pl?podrobnosti=106930 
996 |b 284ER01977  |c E*Bc- 1977  |l EE33  |s P  |a 0  |w stuzp54662_0001 
SQL |a stuzp54662  |b DBP  |c SLO  |d Elektronické ovládanie mechanických mikroposuvov  |e 72624  |f Danko, Martin  |g 033000  |h 1865  |i Šatka, Alexander  |j 20160707  |k 75  |l 03  |m http://is.stuba.sk/zp/portal_zp.pl?podrobnosti=106930  |n B-ELN  |o 5.2.13. elektronika